Uccidere Bussotti : (coll'aggiunta di Ceneraccio) /

Guardat en:
Dades bibliogràfiques
Autor principal: Casadei Turroni, Fabio
Format: Llibre
Idioma:italià
Publicat: Roma : Fabio Casadei Turroni, 2010
Etiquetes: Afegir etiqueta
Sense etiquetes, Sigues el primer a etiquetar aquest registre!

MARC

LEADER 00000nam a22000007i 4500
001 IT\ICCU\UBO\3877285
003 ItRI
005 20260115232248.0
008 110719s2010 it |||||| ||||| |||||c
040 |b ita  |c importazione bologna sebina 
041 7 |a ita  |2 ISO-639-2 
100 1 |a Casadei Turroni, Fabio  |0 IT\ICCU\UBOV\579382 
245 1 0 |a Uccidere Bussotti :  |b (coll'aggiunta di Ceneraccio) /  |c Fabio Casadei Turroni. 
260 |a Roma :  |b Fabio Casadei Turroni,  |c 2010 
300 |a 233 p. ;  |c 23 cm. 
942 |2 ddc  |c BK  |n 0 
952 |0 0  |1 0  |4 0  |6 DOC_853_920000000000000_CAS  |7 0  |9 23206  |a BO  |b BO  |d 2026-01-15  |i 15330  |l 0  |o DOC 853.92 CAS  |p BO15330  |r 2026-01-15 23:22:48  |w 2026-01-15  |x [Sebina 5] [1 v.]  |y BK  |z 1 v. 
999 |c 19790  |d 19790